000 00652nam a2200181Ia 4500
008 230921s9999||||xx |||||||||||||| ||und||
020 _a978-3-030-05961-3
022 _a2366-5629
041 _aEN
100 _aMarius Mayer, Wojciech Zbaraszewski, Dariusz Pieńkowski, Gabriel Gach, Johanna Gernert
245 0 _aCross-Border Tourism in Protected Areas
250 _a1st ed. 2019
260 _c2019
_bSpringer International Publishing
440 _aGeographies of Tourism and Global Change
856 _uhttps://doi.org/10.1007/978-3-030-05961-3
856 _uhttps://link.springer.com/openurl?genre=book&isbn=978-3-030-05961-3
942 _cEB
999 _c257297
_d257297